000 00661nam a22002177a 4500
001 sjds170096
003 sjds
005 20170624144833.0
008 170624b nyu||||| |||| 00| 0 spa d
020 _a9780590468367 (pbk.)
020 _a0590468367 (pbk.)
040 _csjds
041 _aspa
_heng
100 1 0 _aSelsam, Millicent E.
240 _aStrange creatures that really lived.
245 1 0 _aExtraños animales del pasado /
_cMillicent Selsam ; ilustraciones de Jennifer Dewey.
260 _aNew York :
_bScholastic Inc.,
_cc1993.
300 _a31 pages :
_bcolor illustrations ;
_c21 x 28 cm
700 1 0 _aDewey, Jennifer.
942 _2ddc
_cBK
999 _c17719
_d17719